MARC

LEADER 00000nam0a2200000 4500
001 134862
005 20231031135853.0
035 |a (RuTPU)RU\TPU\book\146173 
090 |a 134862 
100 |a 20080404d1937 m y0rusy50 ca 
101 0 |a rus 
102 |a RU 
105 |a a j 000zy 
200 1 |a Учебник палеонтологии  |e учебник  |f Н. Н. Яковлев 
205 |a 5-е изд. изм. и доп. 
210 |a Москва  |c Изд-во геолого-разведочной и геодезической литературы  |d 1937  |a Ленинград 
215 |a 512 с.  |c ил. 
610 1 |a учебники 
610 1 |a палеонтология 
610 1 |a палеозоология 
610 1 |a палеоботаника 
610 1 |a учебные пособия 
610 1 |a коллекция русских учебников 
675 |a 56(075)  |v 3 
700 1 |a Яковлев  |b Н. Н. 
801 1 |a RU  |b 63413507  |c 20080404  |g PSBO 
801 2 |a RU  |b 63413507  |c 20221124  |g PSBO 
942 |c BK